| 000 | 01057nam a2200277 i 4500 | ||
|---|---|---|---|
| 001 | 186019 | ||
| 003 | ES-MaACL | ||
| 005 | 20250831062449.0 | ||
| 008 | 160905s1964 sp |||| | spa d | ||
| 040 | _cES-MaACL | ||
| 080 | _a2(02) | ||
| 100 | 1 |
_aMoubarac, Yovakim. _9160702 _eaut |
|
| 245 | 1 | 0 |
_aTeología para los hombres de hoy : _bcatecismo de adultos en Saint-Severin. _n4, _pMoral y realidades sociales por un grupo de seglares / _cY. Moubarac. |
| 246 | _aMoral y realidades sociales por un grupo de seglares | ||
| 260 |
_aMadrid : _bEl Perpetuo Socorro, _c1964. |
||
| 300 |
_a167 páginas ; _c21 cm. |
||
| 490 | 1 |
_aLibros de teología y práctica pastoral ; _v5 |
|
| 610 | 2 | 7 |
_aIglesia Católica- _xDoctrinas _2 _9151420 |
| 655 | 7 |
_9234608 _aCatecismos |
|
| 740 | 0 | 2 | _aMoral y realidades sociales por un grupo de seglares. |
| 830 | 1 |
_aLibros de teología y práctica pastoral ; _v5 _9183305 |
|
| 852 | 4 |
_aES-MaACL _cDEPO2 _jE-4367 |
|
| 942 |
_cMONOGRAFIA _n0 |
||
| 999 |
_c186019 _d186019 |
||